000
00222 a2200097 4500
001
41359
100
_a
Mattews, P
245
_a
Track & field athectics
260
_a
London
_b
Guinness suporlative
_c
090
_c
25539
_d
25539
942
_a
NUST-CAE
_c
M
_c
17268
999
_c
276432
_d
276432